B & CJ Directory 1977. (Record no. 99239)

MARC details
000 -LEADER
fixed length control field 00466cam a2200181 4500
001 - CONTROL NUMBER
control field D6059
008 - FIXED-LENGTH DATA ELEMENTS--GENERAL INFORMATION
fixed length control field 090401t1977 xxu||||| |||| 00| 0 eng d
035 ## - SYSTEM CONTROL NUMBER
System control number (Sirsi) u98850
041 ## - LANGUAGE CODE
Language code of text/sound track or separate title eng
050 ## - LIBRARY OF CONGRESS CALL NUMBER
Classification number 690.025
110 ## - MAIN ENTRY--CORPORATE NAME
Corporate name or jurisdiction name as entry element IPC Building and Contract Journals Ltd
9 (RLIN) 2661
245 ## - TITLE STATEMENT
Title B & CJ Directory 1977.
260 ## - PUBLICATION, DISTRIBUTION, ETC.
Place of publication, distribution, etc. Sutton
Name of publisher, distributor, etc. IPC Building and Contract Journals Ltd
Date of publication, distribution, etc. 1977
300 ## - PHYSICAL DESCRIPTION
Extent clx. 878p. 22cm
350 ## - PRICE (NR) (BK AM CF MU VM SE) [OBSOLETE]
Price 12
942 ## - ADDED ENTRY ELEMENTS (KOHA)
Suppress in OPAC 0
948 ## - LOCAL PROCESSING INFORMATION (OCLC); SERIES PART DESIGNATOR (RLIN)
c (OCLC) 04/03/1997

No items available.